Statystyki dla Trasa Warszawskiej linii autobusowej 106

Kliknij tutaj aby rozwiązać quiz!

Ogólne statystyki

  • Ten quiz został rozwiązany 7 razy
  • Średni wynik to 10 z 25

Statystyki odpowiedzi

DzielnicaPrzystanek% Poprawnych
ŚródmieścieMariensztat
80%
Śródmieście / WolaAleja Jana Pawła II
60%
WolaMetro Płocka
60%
ŚródmieścieNowy Zjazd
60%
WolaOstroroga
60%
WolaOstroroga
60%
ŚródmieścieBiblioteka Uniwersytecka
40%
ŚródmieścieDobra
40%
ŚródmieścieKrólewska
40%
WolaMuzeum Powstania Warszawskiego
40%
ŚródmieścieNowy Świat
40%
ŚródmieściePlac Grzybowski
40%
WolaPlac Pole Elekcyjne
40%
WolaPłocka-Szpital
40%
ŚródmieścieTopiel
40%
ŚródmieścieUniwersytet
40%
ŚródmieścieZachęta
40%
ŚródmieścieZajęcza
40%
WolaGrenady
20%
WolaMennica
20%
WolaRogalińska
20%
WolaSiedmiogrodzka
20%
WolaWronia
20%
WolaSołtyka
0%
WolaSzpital Wolski
0%

Rozkład punktacji

Percentyl według liczby udzielonych odpowiedzi

Procent ludzi z każdym wynikiem

Twoja historia wyników

Nie rozwiązałeś tego quizu